CDM update: Construction (Design and Management Regulations. Sound recording (Record no. 85357)

MARC details
000 -LEADER
fixed length control field 01329cgm a2200349 4500
001 - CONTROL NUMBER
control field E86843
008 - FIXED-LENGTH DATA ELEMENTS--GENERAL INFORMATION
fixed length control field 090401t1997 xxu||||| |||| 00| 0 eng d
035 ## - SYSTEM CONTROL NUMBER
System control number (Sirsi) u81240
041 ## - LANGUAGE CODE
Language code of text/sound track or separate title eng
050 ## - LIBRARY OF CONGRESS CALL NUMBER
Classification number 344.410465
100 ## - MAIN ENTRY--PERSONAL NAME
Personal name Strotton, C.
245 ## - TITLE STATEMENT
Title CDM update: Construction (Design and Management Regulations. Sound recording
260 ## - PUBLICATION, DISTRIBUTION, ETC.
Place of publication, distribution, etc. London
Name of publisher, distributor, etc. RICS
Date of publication, distribution, etc. 1997
300 ## - PHYSICAL DESCRIPTION
Extent 1 sound recording (60min.)
350 ## - PRICE (NR) (BK AM CF MU VM SE) [OBSOLETE]
Price 14.1
490 ## - SERIES STATEMENT
Series statement Owlion Audio Programme
520 ## - SUMMARY, ETC.
Summary, etc. The Construction (Design and Management) Regulations came into force in April 1995 and now in the light of experience this programme reviews the objectives, legal implications and responsibilities as they affect the client, designer, principal contractor and planning supervisor.
650 ## - SUBJECT ADDED ENTRY--TOPICAL TERM
Topical term or geographic name entry element CONSTRUCTION (DESIGN AND MANAGEMENT) REGULATIONS 1994
650 ## - SUBJECT ADDED ENTRY--TOPICAL TERM
Topical term or geographic name entry element CONDAM REGULATIONS
650 ## - SUBJECT ADDED ENTRY--TOPICAL TERM
Topical term or geographic name entry element CONSTRUCTION (DESIGN AND MANAGEMENT) REGULATIONS 1994
650 ## - SUBJECT ADDED ENTRY--TOPICAL TERM
Topical term or geographic name entry element HEALTH AND SAFETY
9 (RLIN) 6244
690 ## - LOCAL SUBJECT ADDED ENTRY--TOPICAL TERM (OCLC, RLIN)
Topical term or geographic name as entry element BUILT ENVIRONMENT
700 ## - ADDED ENTRY--PERSONAL NAME
Personal name Canham, Stephanie
700 ## - ADDED ENTRY--PERSONAL NAME
Personal name McLachlan, Andrew
700 ## - ADDED ENTRY--PERSONAL NAME
Personal name Trigg, Roger
700 ## - ADDED ENTRY--PERSONAL NAME
Personal name Winstone, Paul
700 ## - ADDED ENTRY--PERSONAL NAME
Personal name Mackenzie, Susan
710 ## - ADDED ENTRY--CORPORATE NAME
Corporate name or jurisdiction name as entry element Royal Institution of Chartered Surveyors
9 (RLIN) 4900
710 ## - ADDED ENTRY--CORPORATE NAME
Corporate name or jurisdiction name as entry element College of Estate Management
9 (RLIN) 400
942 ## - ADDED ENTRY ELEMENTS (KOHA)
Suppress in OPAC 0
948 ## - LOCAL PROCESSING INFORMATION (OCLC); SERIES PART DESIGNATOR (RLIN)
c (OCLC) 03/10/1997
Holdings
Withdrawn status Lost status Source of classification or shelving scheme Damaged status Not for loan Home library Current library Shelving location Date acquired Cost, normal purchase price Total Checkouts Full call number Barcode Date last seen Date last checked out Copy number Cost, replacement price Price effective from Koha item type
    Dewey Decimal Classification     London London Enquiry desk 14/09/1999 14.10 30 BASEMENT 7 30054153 06/08/2019 20/12/2007 1 14.10 06/08/2019 Audio
    Dewey Decimal Classification     London London Enquiry desk 07/10/1999 14.10 25 BASEMENT 7 30058583 06/08/2019 29/06/2006 2 14.10 06/08/2019 Audio